<?xml version="1.0" encoding="UTF-8"?>
<collection xmlns="http://www.loc.gov/MARC21/slim">
 <record>
  <leader>00898nam a2200229   4500</leader>
  <controlfield tag="001">000018137</controlfield>
  <controlfield tag="003">14564</controlfield>
  <controlfield tag="005">20150812150836.0</controlfield>
  <controlfield tag="008">130910s2011                           sd</controlfield>
  <datafield tag="245" ind1="0" ind2="0">
   <subfield code="a">Kho tàng văn học dân gian Hà Tây</subfield>
   <subfield code="c">Yên Giang (chủ nhiệm công trình), Dương Kiều Minh, Minh Nhương...</subfield>
  </datafield>
  <datafield tag="260" ind1=" " ind2=" ">
   <subfield code="a">H.</subfield>
   <subfield code="b">Văn hóa dân tộc</subfield>
   <subfield code="c">2011</subfield>
  </datafield>
  <datafield tag="300" ind1=" " ind2=" ">
   <subfield code="c">21 cm.</subfield>
  </datafield>
  <datafield tag="774" ind1=" " ind2=" ">
   <subfield code="d">H.</subfield>
   <subfield code="d">Văn hoá dân tộc</subfield>
   <subfield code="d">2011</subfield>
   <subfield code="g">Q.2</subfield>
   <subfield code="h">495tr.</subfield>
   <subfield code="n">ĐTTS ghi: Hội Văn nghệ dân gian Việt Nam</subfield>
   <subfield code="o">KD.016059</subfield>
   <subfield code="t">Truyện kể dân gian</subfield>
   <subfield code="w">12387</subfield>
  </datafield>
  <datafield tag="774" ind1=" " ind2=" ">
   <subfield code="d">H.</subfield>
   <subfield code="d">Văn hoá dân tộc</subfield>
   <subfield code="d">2011</subfield>
   <subfield code="g">Q.1</subfield>
   <subfield code="h">344 tr.</subfield>
   <subfield code="n">ĐTTS ghi: Hội Văn nghệ dân gian Việt Nam</subfield>
   <subfield code="t">Tục ngữ, ca dao, vè</subfield>
   <subfield code="w">14565</subfield>
  </datafield>
  <datafield tag="OWN" ind1=" " ind2=" ">
   <subfield code="a">LSP</subfield>
  </datafield>
  <datafield tag="999" ind1=" " ind2=" ">
   <subfield code="a">From the UDN01</subfield>
  </datafield>
  <datafield tag="TYP" ind1=" " ind2=" ">
   <subfield code="a">Monograph</subfield>
  </datafield>
  <datafield tag="TYP" ind1=" " ind2=" ">
   <subfield code="a">Printed language</subfield>
  </datafield>
  <datafield tag="980" ind1=" " ind2=" ">
   <subfield code="a">Mạng thư viện Đại học Đà Nẵng</subfield>
  </datafield>
 </record>
</collection>
